La Contabilidad acumulativa y por lo devengado (Registro nro. 16846)

Detalles MARC
000 -LEADER
fixed length control field 00335 a2200109 4500
001 - CONTROL NUMBER
control field ART_7304
005 - DATE AND TIME OF LATEST TRANSACTION
control field 20260410161720.0
008 - FIXED-LENGTH DATA ELEMENTS--GENERAL INFORMATION
fixed length control field 260409a
100 1# - MAIN ENTRY--PERSONAL NAME
Personal name Le Pera, Alfredo
245 10 - TITLE STATEMENT
Title La Contabilidad acumulativa y por lo devengado
773 0# - HOST ITEM ENTRY
Title Contabilidad y auditoría
Related parts - Año 7, Nº 14 (dic. 2001)
Record control number REV1723

No hay ítems disponibles.